Les villes les plus peuplées d'Europe commençant par S - Statistiques

Statistiques générales
  • Ce quiz a été pris 126 fois
  • Le résultat moyen est 5 sur 10
Statistiques - réponses
Pays Population Villes % Correct
Suède 984 000 Stockholm
94%
Bulgarie 1 183 000 Sofia
93%
Russie 5 601 000 Saint-Pétersbourg
91%
Espagne 684 000 Séville
89%
Allemagne 626 000 Stuttgart
57%
Espagne 681 000 Saragosse
50%
Angleterre 500 000 Sheffield
38%
Russie 1 173 000 Samara
12%
Russie 901 000 Saratov
6%
Russie 547 000 Stavropol
1%
Aucun quiz correspondant
Distribution des résultats
% des personnes avec chaque résultat
Percentile par nombre de réponses
Votre historique - résultats
Vous n’avez pas pris ce quiz